| 000 | 00722nam a2200217 a 4500 | ||
|---|---|---|---|
| 001 | 000024856 | ||
| 005 | 20200930023418.0 | ||
| 008 | 100712s1973 ck 000 p spa d | ||
| 040 |
_aDO-SdBNP _bspa _cBNPHU |
||
| 082 |
_aCo861.4 _bC312ó |
||
| 100 | 1 |
_aCarranza, Eduardo, _d1913- _951011 |
|
| 245 | 1 | 3 |
_aEl olvidado y otros poemas : _b1952-1972 / _cEduardo Carranza. |
| 260 |
_aBogotá, (Colombia) : _bInstituto Colombiano de Cultura, _c1973. |
||
| 300 |
_a125 p. ; _c17 cm. |
||
| 490 | 1 | _aBiblioteca colombiana de cultura | |
| 490 | 1 |
_aPopular _v112 |
|
| 650 | 4 |
_aPoesía colombiana _93742 |
|
| 650 | 4 |
_aLiteratura colombiana _91244 |
|
| 830 | 0 |
_aBiblioteca Colombiana de Cultura, _pPopular; _v112 _947976 |
|
| 049 | _aBNGR | ||
| 999 |
_c24349 _d24349 |
||